000 00567nam a2200205Ia 4500
005 20250923145657.0
008 008 250917s9999 xx 000 0 eng d
037 _aTextual
040 _aDSWL
_beng
_cDSWL
041 _aeng
_2eng
084 _aX:95.2, N84
_qDSWL
100 _aKrishna, R.
_9837834
245 4 _aThe Growth of aggregate unemployment in India
_c by R.Krishna
260 _aWashington
_bWorld Bank
_c1984
300 _a54 p.
365 _aUSD
_b3
925 _g3
942 _cTEXL
_hX:95.2, N84
999 _c1454240
_d1454240